| 000 | 00481nam a2200169Ia 4500 | ||
|---|---|---|---|
| 008 | 151021s9999 xx 000 0 und d | ||
| 020 | _a9.7800773381e+013 | ||
| 050 | _aHD 31 K474 2009 | ||
| 245 | _a_Management A practical introduction [4th ed] | ||
| 260 | _aBoston McGraw-Hill 2009 | ||
| 300 | _axxxi,543p;ill. | ||
| 500 | _aIncludes index | ||
| 500 | _aIncludes index | ||
| 650 | _a_Management | ||
| 700 | _a_Brian K Williams | ||
| 980 | _a^d20130530 06:23:59^oanne | ||
| 999 |
_c13359 _d13359 |
||